000 00312 a2200109 4500
050 _aBT121
_b.S56 1886
100 _aSimpson, A. B.
_92812
245 _aWalking in the spirit /
_cA. B. Simpson.
260 _aHarrisburg, PA. :
_bChristian Publications, INC.,
_cc1886.
300 _a155 p. ;
_c18 cm.
942 _2lcc
_cBK
_n0
999 _c1410
_d1410